Регионална библиотека "Любен Каравелов" - Русе

Концерт № 5 для скрипки с оркестром ля мажор | Цыганка : рапсодия (Запис номер 526229)

MARC детайли
000 -Лидер
Лидер 01371njm a2200301 a 4500
003 - Код на организацията, давaща контролен номер
Код на организацията, даваща контролен номер BLK
005 - Дата и час на последна редакция
Дата и час на последна редакция 20250325155453.0
007 - Фиксирано поле за физическо описани
Физическо описание sd bmmalaaahaa
008 - Елементи от данни с фиксирана дължина
Елементи с фиксирана дължина 221104b bu |||||s|||| 00| | bu d
028 ## - PUBLISHER NUMBER
Издателски номер Д 06527-8
040 ## - Източник на каталожния запис
Код на библиотеката BLK
041 ## - Код за език
Език на записа Руски
Език за КДБФ Руски
080 ## - УДК
УДК текст Цигулка и оркестър
УДК код 787.1:785
УДК – определител (086.72)
УДК – код + определител 786.2.071.2(086.72)
100 1# - Редна дума - Автор
R(LIN) 99370
Автор Моцарт, Вольфганг Амадей
Години, свързани с автора 1756 - 1791
245 ## - Сведения за заглавието
Заглавие Концерт № 5 для скрипки с оркестром ля мажор
Авторска отговорност В. А. Моцарт ; играет Леонид Коган - скрипка; МКО, дир. Р. Баршай ;
245 ## - Сведения за заглавието
Заглавие Цыганка : рапсодия
Авторска отговорност М. Равель; Оркестр Большого театра СССР, дир. К. Кондрашин
260 ## - Област на издателските данни
9 (RLIN) 210743
Място на издаване Москва
Име на издателя Мелодия
Година на издаване 1960
300 ## - Физическа характеристика
Брой страници 1 грамофонна плоча
Илюстрации 33 1/3 об/мин, моно
Размер 30 см
380 ## - Жанр
Жанр Изкуство
650 #7 - Допълнително описание по предмет – тема
Предметна рубрика Симфонична музика
9 (RLIN) 162974
650 #0 - Допълнително описание по предмет – тема
Предметна рубрика Цигулари, руски, съветски
9 (RLIN) 283988
700 1# - Други автори (авторска отговорност)
9 (RLIN) 113815
Друг автор Равель, Морис
700 ## - Други автори (авторска отговорност)
9 (RLIN) 274669
Друг автор Коган, Леонид Борисович
852 ## - Местоположение
Сигнатура (форматна) Ф ІІ 7527
Отдел Основен фонд - ползва се само за читалня
856 ## - Електронен адрес и достъп
Инструкция (цена за достъп) 0.00
Права за достъп disable
942 ## - АРТИКУЛИ
Вид на библиотечния документ Грамофонни плочи
Скрит в OPAC Не
944 ## - СЪЗДАВАНЕ И РЕДАКЦИЯ на ЗАПИСА
Дата на регистрацията/редакция Нора Радева
Служител, извършил регистрацията/редакцията 30560
Създаване/Редакция
Статус, дата на статуса Геновева Генчева
999 ## - СИСТЕМНИ КОНТРОЛНИ НОМЕРА
Koha biblionumber 526229
Koha biblioitemnumber 526229
Наличности
Код за отписване Код за изгубен артикул Източник на класификационната схема Код за повреда Коз за рестрикции Код за отдаване Артикулен № Име на библиотеката - собственик Име на библиотеката, в която се намира в момента Статус (Текущо местоположение) Дата на вписване в системата Местоположение - отдел Цена в лева Инвентарен номер Систематично азбучна сигнатура Баркод Цена в евро Служебен тип на артикула
  Не е изгубен Universal Decimal Classification Не е повреден само за читалня ползва се в читалня 960029 Регионална библиотека "Любен Каравелов" Русе Регионална библиотека "Любен Каравелов" Русе Хранилище 2025-02-03 Основен фонд - ползва се само за читалня 3.00 17803 Ф ІІ 7527 900000113424 1.53 Грамофонни плочи
Vip Innovations Ltd, Rousse, Bulgaria 2025